| 000 | 02263nam a2200445 c 4500 | ||
|---|---|---|---|
| 003 | BLK | ||
| 005 | 20180422100254.0 | ||
| 008 | 180408b bul|||||r ||||||| ||bul|| | ||
| 010 | _aKNG00036857000 | ||
| 020 |
_a954-738-061-3 _bиздат.: Литера Прима |
||
| 040 | _aBLK | ||
| 041 |
_aBUL _cBUL |
||
| 080 |
_aПаметници на културата на историческите периоди. Археологическите паметници. Старини _b904 _x _z904 |
||
| 080 |
_a _b291.2/.3 _x _z291.2/.3 |
||
| 080 |
_aРазпространяване на научните знания - популяризиране на науката, занимателна наука, учение за явленията научно необяснени, заблуждения и фалшификации, илюзии и др. п., секретност на научните знания _b001.9 _x _z001.9 |
||
| 100 | 1 |
_aБутлар, Йоханес фон _eпърви автор _944164 |
|
| 700 | 1 |
_aЗдравкова, Ани _eпрев. от нем. _9365764 |
|
| 139 |
_aБутлар, Йоханес фон _bБ 89 |
||
| 245 | 1 | 0 |
_aШепнещият камък _bБогове, жреци, царе : Тайната на кристалния оракул _cЙоханес фон Бутлар; прев. от нем. Ани Здравкова. |
| 257 | _aDEU | ||
| 260 |
_аСофия _bЛитера Прима _c2001 |
||
| 300 |
_a144 с., 8 л. _bцв. ил. _c20 см |
||
| 380 | _a9 | ||
| 490 | 1 |
_aПоредица Тайни и загадки _vКн. 67 |
|
| 500 | _aОриг. загл. Der flusternde Steine / Johannes von Buttlar. - Офс. изд. - Библиогр. с. 138-142. | ||
| 504 | _a138-142 | ||
| 650 | 4 |
_aАрхеологични находки _9269607 |
|
| 650 | 4 |
_aМитология _9162418 |
|
| 650 | 4 |
_aИзвънземни цивилизации _9242018 |
|
| 653 | _aархеологични находки | ||
| 653 | _aмитология | ||
| 653 | _aцивилизации | ||
| 653 | _aистория | ||
| 653 | _aизвънземни цивилизации | ||
| 852 | _aЦб 209167 | ||
| 856 | 4 |
_qpdf _u |
|
| 856 | 4 |
_qpdf _u |
|
| 942 |
_cKNG _n0 |
||
| 944 |
_aCR _c15.01.2003 _kЛюдмила_Стоянова |
||
| 944 |
_aED _c21.04.2005 _k |
||
| 999 |
_c34159 _d34159 |
||